[Event "Titled Tuesday intern op 16th Apr Early"]
[Site "Chess.com INT"]
[Date "2024.04.16"]
[Round "3"]
[White "Uber Gracia, Hugo"]
[Black "Arslanov, Shamil"]
[Result "0-1"]
[WhiteElo "2247"]
[BlackElo "2410"]
[PlyCount "64"]
[EventDate "2024.04.16"]
[EventType "swiss (blitz)"]
[EventRounds "11"]
[EventCountry "USA"]
[SourceTitle "CB17_2024"]
[SourceDate "2024.04.24"]
[SourceVersion "1"]
[SourceVersionDate "2024.04.24"]
[SourceQuality "1"]

1. d4 e5 2. dxe5 d6 3. Nf3 Bg4 4. Bf4 Nc6 5. exd6 Qf6 6. Qc1 Bxd6 7. Bxd6 Qxd6 8. Nbd2 0-0-0 9. e3 Nf6 10. Be2 h5 11. c3 g5 12. Qc2 Bxf3 13. Bxf3 Ne5 14. Be2 Neg4 15. 0-0-0 Kb8 16. Ne4 Qe5 17. Nxf6 Qxf6 18. Bf3 Ne5 19. Qe4 Nxf3 20. Qxf3 Qe6 21. b3 f5 22. Kb2 a6 23. Qe2 Qe4 24. Qf3 Qe5 25. Qg3 Qb5 26. Qf3 g4 27. Qf4 Qe2+ 28. Ka3 Rxd1 29. Rxd1 Qxd1 30. Qxf5 Qd6+ 31. Kb2 Rf8 32. Qxh5 Rxf2+ 0-1

[Event "Titled Tuesday intern op 02nd Apr Early"]
[Site "Chess.com INT"]
[Date "2024.04.02"]
[Round "5"]
[White "Arslanov, Shamil"]
[Black "Mahdavi, Reza"]
[Result "0-1"]
[WhiteElo "2410"]
[BlackElo "2362"]
[PlyCount "114"]
[EventDate "2024.04.02"]
[EventType "swiss (blitz)"]
[EventRounds "11"]
[EventCountry "USA"]
[SourceTitle "CB15_2024"]
[SourceDate "2024.04.10"]
[SourceVersion "1"]
[SourceVersionDate "2024.04.10"]
[SourceQuality "1"]

1. d4 Nf6 2. f3 d5 3. e4 dxe4 4. Nc3 exf3 5. Nxf3 e6 6. Bd3 c5 7. Be3 cxd4 8. Nxd4 Be7 9. 0-0 Nbd7 10. Qe1 Ne5 11. Bb5+ Bd7 12. Bf4 Ng6 13. Bg3 Bc5 14. Rd1 a6 15. Bxd7+ Qxd7 16. Nce2 e5 17. Kh1 exd4 18. Nxd4+ Qe7 19. Qa5 Bxd4 20. Rfe1 Be5 21. Bxe5 0-0 22. Bd6 Qd8 23. Qc3 Re8 24. Rxe8+ Qxe8 25. Re1 Qd7 26. Bg3 Re8 27. Rf1 Ne4 28. Qe1 Nxg3+ 29. Qxg3 Qe6 30. Qf2 h6 31. h3 Re7 32. c3 Kh7 33. b3 b5 34. Qf3 Ne5 35. Qf2 Rc7 36. Qe3 Ng6 37. Qg3 Qe5 38. Qf3 Qxc3 39. Qf5 Qg3 40. Qe4 Re7 41. Qc2 Re1 42. Kg1 Qe3+ 43. Qf2 Rxf1+ 44. Kxf1 Qxf2+ 45. Kxf2 Ne5 46. Ke3 Nc6 47. Ke4 Kg6 48. Kd5 Nb4+ 49. Kc5 Nxa2 50. Kb6 Nc1 51. Kxa6 Nxb3 52. Kxb5 Kf5 53. Kc4 Nd2+ 54. Kd3 Ne4 55. Ke3 Nf6 56. g4+ Nxg4+ 57. hxg4+ Kxg4 0-1

[Event "Titled Tuesday intern op 12th Mar Late"]
[Site "Chess.com INT"]
[Date "2024.03.12"]
[Round "9"]
[White "Gubajdullin, Alexey"]
[Black "Arslanov, Shamil"]
[Result "1/2-1/2"]
[WhiteElo "2244"]
[BlackElo "2410"]
[PlyCount "98"]
[EventDate "2024.03.12"]
[EventType "swiss (blitz)"]
[EventRounds "11"]
[EventCountry "USA"]
[SourceTitle "CB12_2024"]
[SourceDate "2023.10.01"]
[SourceVersion "1"]
[SourceVersionDate "2023.10.01"]
[SourceQuality "1"]

1. d4 e5 2. dxe5 d6 3. exd6 Bxd6 4. Nf3 Nc6 5. g3 Bg4 6. Bg2 Qe7 7. h3 Bh5 8. c3 0-0-0 9. Qa4 Nf6 10. 0-0 Qxe2 11. Nd4 Nxd4 12. cxd4 Bf3 13. Nc3 Qd3 14. Qxa7 Bxg2 15. Kxg2 c6 16. Bg5 Bb8 17. Qa8 Qxd4 18. Bf4 Qa7 19. Na4 Nd5 20. Qxb8+ Qxb8 21. Bxb8 Kxb8 22. Rfe1 Rhe8 23. Nc5 Kc7 24. a3 b6 25. Ne4 h6 26. Rac1 f5 27. Nc3 Nxc3 28. Rxe8 Rxe8 29. Rxc3 Re2 30. Rb3 c5 31. Kf3 Rc2 32. h4 Kc6 33. Ke3 b5 34. f3 c4 35. Rb4 Kc5 36. Kf4 Rf2 37. h5 Rf1 38. Ke3 Rh1 39. g4 fxg4 40. fxg4 Rf1 41. Ke4 Rf8 42. Ke5 Rf3 43. Ke4 Rf2 44. Ke5 Rf6 45. Ke4 Rf1 46. Ke5 Rf2 47. Ke4 Rf1 48. Ke5 Rf2 49. Ke4 Rf1 1/2-1/2

[Event "Titled Tuesday intern op 06th Feb Early"]
[Site "Chess.com INT"]
[Date "2024.02.06"]
[Round "8"]
[White "Arslanov, Shamil"]
[Black "Bochnicka, Vladimir1"]
[Result "1-0"]
[WhiteElo "2410"]
[BlackElo "2405"]
[PlyCount "49"]
[EventDate "2024.02.06"]
[EventType "swiss (blitz)"]
[EventRounds "11"]
[EventCountry "USA"]
[SourceTitle "CB07_2024"]
[SourceDate "2024.02.14"]
[SourceVersion "1"]
[SourceVersionDate "2024.02.14"]
[SourceQuality "1"]

1. d4 Nf6 2. f3 d5 3. e4 dxe4 4. Nc3 Bf5 5. fxe4 Nxe4 6. Qf3 Nxc3 7. bxc3 Bc8 8. Bc4 e6 9. Nh3 Be7 10. 0-0 0-0 11. Nf4 Bd7 12. Nh5 g6 13. Bh6 Bg5 14. Bxf8 Qxf8 15. Nf6+ Bxf6 16. Qxf6 Nc6 17. d5 exd5 18. Rad1 Be6 19. Bxd5 Re8 20. c4 Nd8 21. Kh1 c6 22. Bxe6 Nxe6 23. Rd7 Nd8 24. Rfd1 Qb4 25. Rxd8 1-0

[Event "Titled Tuesday intern op 06th Feb Early"]
[Site "Chess.com INT"]
[Date "2024.02.06"]
[Round "4"]
[White "Bold, Andre"]
[Black "Arslanov, Shamil"]
[Result "0-1"]
[WhiteElo "2203"]
[BlackElo "2410"]
[PlyCount "102"]
[EventDate "2024.02.06"]
[EventType "swiss (blitz)"]
[EventRounds "11"]
[EventCountry "USA"]
[SourceTitle "CB07_2024"]
[SourceDate "2024.02.14"]
[SourceVersion "1"]
[SourceVersionDate "2024.02.14"]
[SourceQuality "1"]

1. d4 e5 2. dxe5 d6 3. Nc3 Nc6 4. e4 a6 5. Nf3 Bg4 6. Be2 Qd7 7. 0-0 0-0-0 8. Be3 Qe8 9. e6 fxe6 10. h3 h5 11. Ng5 Bxe2 12. Qxe2 Nf6 13. Rfd1 d5 14. exd5 exd5 15. Bf4 Qxe2 16. Nxe2 Re8 17. Ng3 h4 18. Nf1 Bc5 19. c3 Rhf8 20. Be3 Bd6 21. Nf3 Rh8 22. Bg5 Ne4 23. Rxd5 Nxg5 24. Nxg5 Re2 25. Rd2 Rhe8 26. Nf3 Bf4 27. Rxe2 Rxe2 28. Rb1 g5 29. N1h2 b5 30. Ng4 b4 31. Kf1 Rc2 32. Ne1 Rd2 33. Nf3 Rc2 34. cxb4 Nxb4 35. Nd4 Rd2 36. Ne2 Nd3 37. Ra1 Rxb2 38. g3 hxg3 39. fxg3 Bd6 40. h4 gxh4 41. gxh4 Nf4 42. Nxf4 Bxf4 43. h5 Rb5 44. Kg2 Ra5 45. Kf3 Bg5 46. a4 Rc5 47. Ra3 Rc4 48. h6 Rf4+ 49. Kg3 Rf7 50. Rf3 Rh7 51. Rf5 Bxh6 0-1

[Event "Titled Tuesday intern op 12th Dec Early"]
[Site "Chess.com INT"]
[Date "2023.12.12"]
[Round "5"]
[White "Arslanov, Shamil"]
[Black "Terry, Renato"]
[Result "1-0"]
[WhiteElo "2410"]
[BlackElo "2522"]
[PlyCount "53"]
[EventDate "2023.12.12"]
[EventType "swiss (blitz)"]
[EventRounds "11"]
[EventCountry "USA"]
[SourceTitle "CB51_2023"]
[SourceDate "2023.12.20"]
[SourceVersion "1"]
[SourceVersionDate "2023.12.20"]
[SourceQuality "1"]

1. d4 e6 2. e4 d5 3. Nc3 Nf6 4. Bg5 Bb4 5. e5 h6 6. Bd2 Bxc3 7. bxc3 Ne4 8. Bd3 Nxd2 9. Qxd2 c5 10. dxc5 Nd7 11. Nf3 Nxc5 12. 0-0 0-0 13. Nd4 Bd7 14. f4 Rc8 15. f5 exf5 16. Bxf5 Bxf5 17. Nxf5 Ne4 18. Qxd5 Nxc3 19. Qxb7 Qa5 20. Ne7+ Kh7 21. Nxc8 Qc5+ 22. Kh1 Rxc8 23. Rxf7 Rg8 24. Re1 Nd5 25. e6 Qc3 26. Rff1 Ne3 27. Qe4+ 1-0

[Event "Titled Tuesday intern op 26th Sep Early"]
[Site "Chess.com INT"]
[Date "2023.09.26"]
[Round "4"]
[White "Arslanov, Shamil"]
[Black "Senft, Sean"]
[Result "1-0"]
[WhiteElo "2410"]
[BlackElo "2107"]
[PlyCount "27"]
[EventDate "2023.09.26"]
[EventType "swiss (blitz)"]
[EventRounds "11"]
[EventCountry "USA"]
[SourceTitle "EXT 2024"]
[Source "ChessBase"]
[SourceDate "2023.10.10"]
[SourceVersion "1"]
[SourceVersionDate "2023.10.10"]
[SourceQuality "1"]

1. d4 d5 2. e4 dxe4 3. Nc3 Nf6 4. f3 exf3 5. Nxf3 e6 6. Bg5 Be7 7. Bd3 Nbd7 8. Qd2 b6 9. 0-0 Bb7 10. Rae1 0-0 11. Qf4 Nd5 12. Nxd5 Bxd5 13. Qh4 Bxg5 14. Qxh7# 1-0

[Event "Titled Tuesday intern op 26th Sep Early"]
[Site "Chess.com INT"]
[Date "2023.09.26"]
[Round "6"]
[White "Bharath, Subramaniyam H"]
[Black "Arslanov, Shamil"]
[Result "1-0"]
[WhiteElo "2496"]
[BlackElo "2410"]
[PlyCount "87"]
[EventDate "2023.09.26"]
[EventType "swiss (blitz)"]
[EventRounds "11"]
[EventCountry "USA"]
[SourceTitle "EXT 2024"]
[Source "ChessBase"]
[SourceDate "2023.10.10"]
[SourceVersion "1"]
[SourceVersionDate "2023.10.10"]
[SourceQuality "1"]

1. e4 d6 2. d4 e5 3. Nc3 Nd7 4. Nf3 Ngf6 5. Bc4 h6 6. dxe5 dxe5 7. 0-0 c6 8. Bxf7+ Kxf7 9. Nxe5+ Kg8 10. Ng6 Qe8 11. Nxh8 Kxh8 12. Re1 Ne5 13. Bf4 Bc5 14. Na4 Bg4 15. Qd2 Rd8 16. Qc3 Bd4 17. Qb3 b5 18. Nc3 Qg6 19. Bg3 h5 20. Ne2 h4 21. Nxd4 hxg3 22. Qxg3 Rxd4 23. Qxe5 Rd2 24. Qc3 Qg5 25. h4 Qf4 26. Qe3 Qxe3 27. Rxe3 Rxc2 28. b3 c5 29. f3 Be6 30. Rd3 c4 31. bxc4 bxc4 32. Rd6 Bf7 33. Ra6 Nh5 34. Rxa7 Be6 35. Rf1 Nf4 36. Rf2 Ne2+ 37. Kh2 Rd2 38. Rc7 Rxa2 39. f4 Bg4 40. Rxc4 Rd2 41. f5 Kh7 42. e5 Rd4 43. Rxd4 Nxd4 44. Rf4 1-0

[Event "Titled Tuesday intern op 26th Sep Early"]
[Site "Chess.com INT"]
[Date "2023.09.26"]
[Round "8"]
[White "Kuchava, Ana"]
[Black "Arslanov, Shamil"]
[Result "0-1"]
[WhiteElo "2101"]
[BlackElo "2410"]
[PlyCount "30"]
[EventDate "2023.09.26"]
[EventType "swiss (blitz)"]
[EventRounds "11"]
[EventCountry "USA"]
[SourceTitle "EXT 2024"]
[Source "ChessBase"]
[SourceDate "2023.10.10"]
[SourceVersion "1"]
[SourceVersionDate "2023.10.10"]
[SourceQuality "1"]

1. d4 e5 2. dxe5 d6 3. exd6 Bxd6 4. Nf3 Nc6 5. e3 Bg4 6. Be2 Qe7 7. Nc3 0-0-0 8. Nd5 Qe4 9. c4 Nf6 10. 0-0 h5 11. Nxf6 gxf6 12. Qb3 Rhg8 13. Kh1 Ne5 14. Nxe5 Bxe2 15. f3 Qxe5 0-1